00652nam a2200205Ia 4500003000400000008004100004020002200045040000800067100001700075245008000092260002900172300001400201365001200215901002100227902003400248903003600282942001200318952009900330999001700429LDD181029s9999 xx 000 0 und d a387329056cE64.95 cLDD aSun, Jianguo 4aThe Statistical Analysis of Inerval-censored Failure Time DatacJianguo Sun aNew YorkbSpringerc2006 axv, 295p. bE 64.95 a3428b02-11-2006 a11483b27-12-2006cFdGBHe51 aDiscount-10bReqst by : Deepika 2ddccBK 00102ddc4070976981aLDDbLDDl0o519.546 Su71p060310r2018-11-01v3819.06w2018-11-01yBK c76982d76982